000 00589nam a2200229Ia 4500
003 OSt
005 20220928104446.0
006 a|||||r|||| 00| 0
007 ta
008 220927b |||||||| |||| 00| 0 eng d
024 _a46239
037 _cTextual
040 _aSDCL
_cSDCL
_beng
041 _2eng
_aeng
082 _aR2, L4
100 _aGrene Marjorie
_9410485
245 0 _aKnower and the known.
260 _aWashington
_bUniversity Press Of America
_c1974
300 _a283p.
_ccm.
942 _hR2, L4
_cTEXL
_2CC
999 _c726133
_d726133